|
|
|
|
| LEADER |
00000nam0a2200000 4500 |
| 001 |
128918 |
| 005 |
20231031133130.0 |
| 035 |
|
|
|a (RuTPU)RU\TPU\book\139513
|
| 090 |
|
|
|a 128918
|
| 100 |
|
|
|a 20080117d1991 k y0rusy50 ca
|
| 101 |
0 |
|
|a rus
|
| 102 |
|
|
|a RU
|
| 105 |
|
|
|a a b 000zy
|
| 200 |
1 |
|
|a Виброизоляторы резиновые и резинометаллические
|e каталог
|f ЦНИИТЭнефтехим ; сост. Г. И. Романов, А. А. Шляхман
|
| 210 |
|
|
|a Москва
|c ЦНИИТЭнефтехим
|d 1991
|
| 215 |
|
|
|a 216 с.
|c ил.
|
| 610 |
1 |
|
|a каталоги
|
| 610 |
1 |
|
|a виброизоляторы
|
| 610 |
1 |
|
|a детали
|
| 610 |
1 |
|
|a размеры
|
| 610 |
1 |
|
|a данные
|
| 610 |
1 |
|
|a документация
|
| 610 |
1 |
|
|a амортизаторы
|
| 610 |
1 |
|
|a технические характеристики
|
| 610 |
1 |
|
|a основные параметры
|
| 675 |
|
|
|a 678(085)
|v 3
|
| 702 |
|
1 |
|a Романов
|b Г. И.
|4 220
|
| 702 |
|
1 |
|a Шляхман
|b А. А.
|4 220
|
| 712 |
0 |
2 |
|a Центральный научно-исследовательский институт информации и технико-экономических исследований нефтеперерабатывающей и нефтехимической промышленности (ЦНИИТЭнефтехим)
|c (Москва)
|2 stltpush
|3 (RuTPU)RU\TPU\col\1645
|
| 801 |
|
1 |
|a RU
|b 63413507
|c 20080117
|g PSBO
|
| 801 |
|
2 |
|a RU
|b 63413507
|c 20221114
|g PSBO
|
| 942 |
|
|
|c BK
|